Catálogo
 En Linea

Un año de gestión administrativa : (Registro nro. 28677)

Detalles MARC
000 -CABECERA
campo de control de longitud fija 01470nam a2200265 a 4500
001 - NÚMERO DE CONTROL
campo de control 000029185
003 - IDENTIFICADOR DEL NÚMERO DE CONTROL
campo de control DO-SdBNP
005 - FECHA Y HORA DE LA ÚLTIMA TRANSACCIÓN
campo de control 20250306142558.0
008 - DATOS DE LONGITUD FIJA--INFORMACIÓN GENERAL
campo de control de longitud fija 110414s1985 dr ad 001 0 spa d
040 ## - FUENTE DE LA CATALOGACIÓN
Centro catalogador/agencia de origen DO-SdBNP
Lengua de catalogación spa
Centro/agencia transcriptor BNPHU
082 ## - NÚMERO DE LA CLASIFICACIÓN DECIMAL DEWEY
Número de clasificación 378.107
Número de documento/Ítem S489u
100 1# - ENTRADA PRINCIPAL--NOMBRE DE PERSONA
Nombre de persona Serulle Ramia, José
9 (RLIN) 6953
245 10 - MENCIÓN DE TÍTULO
Título Un año de gestión administrativa :
Resto del título marzo 1984- marzo 1985 /
Mención de responsabilidad, etc. José Serulle Ramia.
260 ## - PUBLICACIÓN, DISTRIBUCIÓN, ETC.
Lugar de publicación, distribución, etc. Santo Domingo :
Nombre del editor, distribuidor, etc. Universitaria,
Fecha de publicación, distribución, etc. 1985.
300 ## - DESCRIPCIÓN FÍSICA
Extensión 46 p. :
Otras características físicas il., gráfcs. ;
Dimensiones 21 cm.
490 1# - MENCIÓN DE SERIE
Mención de serie Publicaciones de la Universidad Autónoma de Santo Domingo
Designación de volumen o secuencia 283
505 0# - NOTA DE CONTENIDO CON FORMATO
Información miscelánea Introducción --
Título Contexto histórico en que surge la presente gestión --
-- El estado de emergencia --
-- Medidas de modernización --
-- Manejo de la situación financiera y pasos para ahorrar y captar nuevos recursos --
-- Manejo interino de la rectoría desde el 17 de junio al 17 de julio de 1984 --
-- Política de utilización de recursos humanos --
-- Método de trabajo de la Vicerrectoría Administrativa y perspectivas inmediatas --
Información miscelánea Anexo: cuadros estadísticos.
590 ## - NOTA LOCAL (RLIN)
Nota local Inventariado, 2018/MFF
610 10 - PUNTO DE ACCESO ADICIONAL DE MATERIA--NOMBRE DE ENTIDAD CORPORATIVA
Nombre de entidad corporativa o nombre de jurisdicción como elemento de entrada Universidad Autónoma de Santo Domingo
Subdivisión general Administración
9 (RLIN) 72951
650 #4 - PUNTO DE ACCESO ADICIONAL DE MATERIA--TÉRMINO DE MATERIA
Término de materia o nombre geográfico como elemento de entrada Administración universitaria
Subdivisión geográfica República Dominicana
9 (RLIN) 53786
650 #4 - PUNTO DE ACCESO ADICIONAL DE MATERIA--TÉRMINO DE MATERIA
Término de materia o nombre geográfico como elemento de entrada Universidades
Subdivisión geográfica República Dominicana
9 (RLIN) 729
830 #0 - PUNTO DE ACCESO ADICIONAL DE SERIE-TÍTULO UNIFORME
Título uniforme Publicaciones de la Universidad Autónoma de Santo Domingo;
Número de parte o sección de la obra 283
9 (RLIN) 56104
910 ## - DATOS DE OPCIÓN DEL USUARIO (OCLC)
Datos de opción del usuario Validado. Control de calidad EMS
942 ## - ELEMENTOS DE PUNTO DE ACCESO ADICIONAL (KOHA)
Fuente del sistema de clasificación o colocación Dewey Decimal Classification
Tipo de ítem Koha Folleto
Existencias
Estado de retiro Estado de pérdida No para préstamo Código de colección Localización permanente Ubicación/localización actual Ubicación en estantería Fecha de adquisición Número de inventario Total de préstamos Signatura topográfica completa Código de barras Fecha visto por última vez Precio válido a partir de Tipo de ítem Koha
    Excluido de préstamo Patrimonio Dominicano Patrimonio Dominicano Patrimonio Dominicano Depósito 15.04.2011 LF1   378.107 S489a 29185-10 25.06.2020 25.06.2020 Libro y Folleto Colección Patrimonio Dominicano

Con tecnología Koha